[Event "Budapest Art Pub Cup 3rd"]
[Site "Budapest"]
[Date "2014.01.03"]
[Round "2"]
[White "Bodi, Tibor"]
[Black "Botos, Jozsef"]
[Result "1-0"]
[WhiteElo "2105"]
[BlackElo "1895"]
[PlyCount "137"]
[EventDate "2014.01.02"]
[EventType "swiss"]
[EventRounds "7"]
[EventCountry "HUN"]
[SourceTitle "CBM 158 Extra"]
[Source "ChessBase"]
[SourceDate "2014.02.28"]
[SourceVersion "1"]
[SourceVersionDate "2014.02.28"]
[SourceQuality "1"]

1. e4 d6 2. d4 Nf6 3. Nc3 g6 4. Bg5 Bg7 5. Nf3 c6 6. Qd2 h6 7. Bf4 Qa5 8. 0-0-0 Nbd7 9. Bd3 e5 10. dxe5 dxe5 11. Bg3 Nh5 12. Bc4 0-0 13. Qd6 Nxg3 14. hxg3 Qc5 15. Bb3 Qxd6 16. Rxd6 Nc5 17. Rhd1 Nxb3+ 18. axb3 Bg4 19. Na4 Rfe8 20. c4 Bf8 21. R6d3 Bb4 22. Nc3 Kf8 23. Rh1 h5 24. Ne1 Rad8 25. Kc2 Bc5 26. f3 Bc8 27. Rxd8 Rxd8 28. Nd3 Bd6 29. b4 Ke7 30. c5 Bc7 31. Ne2 Be6 32. Kc3 Ra8 33. Ra1 a6 34. b3 Rd8 35. Nb2 f5 36. exf5 gxf5 37. Rh1 Rh8 38. Nc4 Kf6 39. f4 Bd5 40. Ne3 Be4 41. Rd1 Rd8 42. Rxd8 Bxd8 43. fxe5+ Kxe5 44. Nf4 Bg5 45. Nc4+ Kf6 46. Nxh5+ Kg6 47. Nf4+ Bxf4 48. gxf4 Bxg2 49. Nd6 Kf6 50. Nxb7 Ke6 51. Kd4 Bd5 52. Na5 Bf3 53. Nc4 Bd5 54. Kc3 Be4 55. Ne3 Bf3 56. Kb2 Be4 57. Ka3 Kd7 58. Ka4 Kc7 59. Ka5 Kb7 60. Nc4 Bd3 61. Nd6+ Ka7 62. b5 axb5 63. Kb4 Kb8 64. Kc3 Bb1 65. b4 Kc7 66. Kd4 Kd7 67. Ke5 Ke7 68. Nxf5+ Kd7 69. Kf6 1-0

[Event "HUN-chT2 Erkel 1314"]
[Site "Hungary"]
[Date "2013.09.22"]
[Round "2.11"]
[White "Czinkoczky, Reka"]
[Black "Botos, Jozsef"]
[Result "1/2-1/2"]
[WhiteElo "1563"]
[BlackElo "1884"]
[PlyCount "78"]
[EventDate "2013.09.08"]
[EventType "team-tourn"]
[EventRounds "11"]
[EventCountry "HUN"]
[SourceTitle "EXT 2016"]
[Source "ChessBase"]
[SourceDate "2015.10.08"]
[SourceVersion "1"]
[SourceVersionDate "2015.10.08"]
[SourceQuality "1"]
[WhiteTeam "Pestszentlorinc"]
[BlackTeam "Dunaharaszti II"]
[WhiteTeamCountry "HUN"]
[BlackTeamCountry "HUN"]

1. d4 d5 2. c4 c6 3. Nf3 Nf6 4. Nc3 e6 5. e3 Nbd7 6. Be2 Bd6 7. 0-0 0-0 8. Bd3 dxc4 9. Bxc4 b5 10. Bd3 Bb7 11. Ne4 Nxe4 12. Bxe4 Nf6 13. Bd3 a6 14. Be2 Qc7 15. b3 Rfd8 16. Bb2 c5 17. dxc5 Bxh2+ 18. Nxh2 Rxd1 19. Rfxd1 Qxc5 20. Rac1 Qg5 21. Bf3 Nd5 22. Ng4 h5 23. Ne5 h4 24. Kh2 Re8 25. Nd7 Qe7 26. Nc5 Bc8 27. Rd4 a5 28. Rg4 f6 29. Rxh4 g5 30. Rh5 Qg7 31. Ne4 g4 32. Rg5 Qxg5 33. Nxg5 gxf3 34. Nxf3 Kf7 35. Nd4 Bd7 36. Kg3 e5 37. Ne2 Rg8+ 38. Kh2 Rh8+ 39. Kg3 Rg8+ 1/2-1/2

[Event "HUN-chT2 Erkel 1213"]
[Site "Hungary"]
[Date "2012.11.18"]
[Round "4.11"]
[White "Toth Katona, Tamas"]
[Black "Botos, Jozsef"]
[Result "1-0"]
[WhiteElo "1846"]
[BlackElo "1949"]
[PlyCount "93"]
[EventDate "2012.09.16"]
[EventType "team-tourn"]
[EventRounds "11"]
[EventCountry "HUN"]
[SourceTitle "EXT 2014"]
[Source "ChessBase"]
[SourceDate "2013.11.20"]
[SourceVersion "1"]
[SourceVersionDate "2013.11.20"]
[SourceQuality "1"]
[WhiteTeam "Vizugy"]
[BlackTeam "Dunaharaszti"]
[WhiteTeamCountry "HUN"]
[BlackTeamCountry "HUN"]

1. e4 c6 2. d4 d5 3. Nd2 dxe4 4. Nxe4 Bf5 5. Ng3 Bg6 6. Bc4 e6 7. Nf3 Nd7 8. 0-0 Ngf6 9. Re1 Be7 10. c3 0-0 11. Nh4 Qc7 12. Nxg6 hxg6 13. h4 Rfe8 14. h5 gxh5 15. Nxh5 Nxh5 16. Qxh5 Nf6 17. Qh3 g6 18. Rxe6 Nd5 19. Re1 Bd6 20. Bg5 Bf4 21. Bxf4 Qxf4 22. Bxd5 cxd5 23. Re3 Kg7 24. Rae1 Re4 25. Rxe4 dxe4 26. Qe3 Qxe3 27. Rxe3 f5 28. c4 Kf6 29. Rb3 Rd8 30. Rxb7 Rxd4 31. c5 Rd1+ 32. Kh2 Rd2 33. Kg3 Kg5 34. f4+ exf3 35. Kxf3 f4 36. c6 Rd3+ 37. Ke2 Re3+ 38. Kf2 Rd3 39. c7 Rd2+ 40. Kf3 Rc2 41. Rxa7 Kf5 42. b4 g5 43. Ra5+ Ke6 44. Rc5 Rxc5 45. bxc5 Kd7 46. Kg4 Kxc7 47. Kxg5 1-0

[Event "HUN-chT2 Erkel 1011"]
[Site "Hungary"]
[Date "2011.05.01"]
[Round "10.10"]
[White "Rinyu, Janos"]
[Black "Botos, Jozsef"]
[Result "1-0"]
[WhiteElo "2018"]
[BlackElo "2001"]
[PlyCount "71"]
[EventDate "2010.09.12"]
[EventType "team-tourn"]
[EventRounds "11"]
[EventCountry "HUN"]
[SourceTitle "EXT 2012"]
[Source "ChessBase"]
[SourceDate "2011.11.24"]
[SourceVersion "1"]
[SourceVersionDate "2011.11.24"]
[SourceQuality "1"]
[WhiteTeam "Foti"]
[BlackTeam "Dunaharaszti II"]
[WhiteTeamCountry "HUN"]
[BlackTeamCountry "HUN"]

1. d4 Nf6 2. Bg5 d5 3. Bxf6 exf6 4. e3 Bd6 5. g3 c6 6. Bg2 Bf5 7. Ne2 Nd7 8. Nd2 0-0 9. 0-0 Re8 10. c4 dxc4 11. Nxc4 Bc7 12. Nc3 Nb6 13. Na5 Qc8 14. Rc1 Nd5 15. Qa4 Nxc3 16. Rxc3 Rb8 17. Qa3 Qd8 18. b4 Qe7 19. Qb2 a6 20. a3 h5 21. Rfc1 h4 22. Nxb7 hxg3 23. hxg3 Rxb7 24. Bxc6 Bd8 25. Bxe8 Qxe8 26. Qe2 Qe4 27. f3 Qd5 28. Rc5 Qd7 29. Kg2 Rc7 30. Qxa6 Rxc5 31. bxc5 Qd5 32. Qc4 Qb7 33. Qb4 Qa6 34. Kf2 g5 35. e4 Bc8 36. a4 1-0

[Event "HUN-chT2 Erkel 0910"]
[Site "Hungary"]
[Date "2010.04.11"]
[Round "9.10"]
[White "Botos, Jozsef"]
[Black "Gaspar, Imre"]
[Result "1/2-1/2"]
[WhiteElo "2027"]
[BlackElo "1999"]
[PlyCount "62"]
[EventDate "2009.11.08"]
[EventType "team-tourn"]
[EventRounds "11"]
[EventCountry "HUN"]
[SourceTitle "EXT 2011"]
[Source "ChessBase"]
[SourceDate "2010.11.26"]
[SourceVersion "1"]
[SourceVersionDate "2010.11.26"]
[SourceQuality "1"]
[WhiteTeam "Dunaharaszti"]
[BlackTeam "Jaszbereny"]
[WhiteTeamCountry "HUN"]
[BlackTeamCountry "HUN"]

1. d4 d5 2. Nf3 Nf6 3. e3 Nbd7 4. Bd3 g6 5. Nbd2 Bg7 6. 0-0 0-0 7. Re1 c5 8. c3 b6 9. e4 dxe4 10. Nxe4 cxd4 11. Nxd4 Bb7 12. Bg5 Re8 13. Qc2 Rc8 14. Rad1 Qc7 15. Bh4 Nxe4 16. Bxe4 Bxe4 17. Rxe4 Nf6 18. Re2 Qc4 19. Qb3 Qc5 20. Rde1 e6 21. Nb5 a6 22. Nd4 Nd5 23. Nf3 Qc4 24. Qxc4 Rxc4 25. Bg3 Rec8 26. Nd2 R4c6 27. Ne4 b5 28. a3 Bf8 29. Be5 Bg7 30. Bg3 Bf8 31. Be5 Bg7 1/2-1/2

[Event "HUN-chT2 Erkel 0910"]
[Site "Hungary"]
[Date "2009.12.06"]
[Round "3.9"]
[White "Zsipi, Alex Mark"]
[Black "Botos, Jozsef"]
[Result "1-0"]
[WhiteElo "1905"]
[BlackElo "2027"]
[PlyCount "81"]
[EventDate "2009.11.08"]
[EventType "team-tourn"]
[EventRounds "11"]
[EventCountry "HUN"]
[SourceTitle "EXT 2011"]
[Source "ChessBase"]
[SourceDate "2010.11.26"]
[SourceVersion "1"]
[SourceVersionDate "2010.11.26"]
[SourceQuality "1"]
[WhiteTeam "Barcza"]
[BlackTeam "Dunaharaszti"]
[WhiteTeamCountry "HUN"]
[BlackTeamCountry "HUN"]

1. e4 c6 2. d4 d5 3. Nd2 dxe4 4. Nxe4 Bf5 5. Ng3 Bg6 6. Nf3 h6 7. Ne5 Bh7 8. Qh5 g6 9. Qf3 Nf6 10. Bc4 Bg8 11. Be3 Nbd7 12. Rd1 Bg7 13. 0-0 e6 14. Rfe1 Bh7 15. Ne4 0-0 16. Nd6 Nxe5 17. dxe5 Nd5 18. Nxb7 Qc7 19. Nc5 Bxe5 20. Bxh6 Rfd8 21. Nd3 Bxh2+ 22. Kh1 Bd6 23. Bxd5 cxd5 24. Qf6 Bf8 25. Bxf8 Rxf8 26. Re3 Qd8 27. Qf4 Kg7 28. Rh3 g5 29. Qd4+ f6 30. Nc5 Bf5 31. g4 Qd6 32. gxf5 e5 33. Qxd5 Qxd5+ 34. Rxd5 Rh8 35. Ne6+ Kg8 36. Rxh8+ Kxh8 37. Rd8+ Rxd8 38. Nxd8 Kg8 39. c4 Kf8 40. c5 Ke8 41. Nc6 1-0

[Event "HUN-chT2 Erkel 0708"]
[Site "Hungary"]
[Date "2008.02.17"]
[Round "6"]
[White "Fulop, Szabolcs"]
[Black "Botos, Jozsef"]
[Result "0-1"]
[WhiteElo "1925"]
[BlackElo "1955"]
[PlyCount "74"]
[EventDate "2007.10.14"]
[EventType "team"]
[EventRounds "11"]
[EventCountry "HUN"]
[SourceTitle "EXT 2009"]
[Source "ChessBase"]
[SourceDate "2008.11.26"]
[SourceVersion "1"]
[SourceVersionDate "2008.11.26"]
[SourceQuality "1"]
[WhiteTeam "BEAC II"]
[BlackTeam "Dunaharaszti II"]
[WhiteTeamCountry "HUN"]
[BlackTeamCountry "HUN"]

1. d4 Nf6 2. Bg5 d5 3. Bxf6 exf6 4. e3 Bd6 5. c4 dxc4 6. Bxc4 0-0 7. Nc3 c6 8. a3 Qa5 9. b4 Qg5 10. Kf1 f5 11. h4 Qe7 12. Qb3 Nd7 13. Bd3 Nf6 14. Nge2 Ne4 15. Nxe4 fxe4 16. Bc2 Be6 17. Qb1 f5 18. g3 a5 19. bxa5 Rxa5 20. a4 Rfa8 21. Kg2 b5 22. Nc3 Qf7 23. Qb2 b4 24. d5 bxc3 25. dxe6 cxb2 26. exf7+ Kxf7 27. Ra2 Rb8 28. Rd1 Ke6 29. g4 g6 30. h5 Rc5 31. Bb1 Rc1 32. Rf1 Be5 33. a5 Rd8 34. a6 Rxf1 35. Kxf1 Rd1+ 36. Kg2 Rxb1 37. a7 Rg1+ 0-1

[Event "HUN-chT2 Erkel 0607"]
[Site "Hungary"]
[Date "2007.03.04"]
[Round "6"]
[White "Botos, Jozsef"]
[Black "Pinter, Mark"]
[Result "1-0"]
[WhiteElo "2008"]
[BlackElo "2052"]
[PlyCount "57"]
[EventDate "2006.11.12"]
[EventType "team"]
[EventRounds "11"]
[EventCountry "HUN"]
[SourceTitle "EXT 2008"]
[Source "ChessBase"]
[SourceDate "2007.11.25"]
[SourceVersion "1"]
[SourceVersionDate "2007.11.25"]
[SourceQuality "1"]
[WhiteTeam "Dunaharaszti II"]
[BlackTeam "Keviterv"]
[WhiteTeamCountry "HUN"]
[BlackTeamCountry "HUN"]

1. d4 d5 2. Nf3 Nf6 3. e3 e6 4. Bd3 c5 5. c3 Be7 6. Nbd2 cxd4 7. exd4 Nc6 8. 0-0 Qc7 9. Qe2 h6 10. Re1 Bd7 11. Ne5 Nxe5 12. dxe5 Nh7 13. Nf3 Bg5 14. Bxh7 Bxc1 15. Raxc1 Rxh7 16. c4 Rc8 17. c5 Qa5 18. Qc2 Rh8 19. Nd4 Ke7 20. Re3 Qa4 21. Qxa4 Bxa4 22. Ra3 Bc6 23. Rxa7 Kd7 24. b4 Kc7 25. b5 Kb8 26. b6 Rcd8 27. Rc3 Kc8 28. Nxc6 bxc6 29. Rca3 1-0

[Event "HUN-chT2 Erkel 0607"]
[Site "Hungary"]
[Date "2006.12.03"]
[Round "3"]
[White "Botos, Jozsef"]
[Black "Sillye, Kalman"]
[Result "1/2-1/2"]
[WhiteElo "2008"]
[BlackElo "2122"]
[PlyCount "89"]
[EventDate "2006.11.12"]
[EventType "team"]
[EventRounds "11"]
[EventCountry "HUN"]
[SourceTitle "EXT 2008"]
[Source "ChessBase"]
[SourceDate "2007.11.25"]
[SourceVersion "1"]
[SourceVersionDate "2007.11.25"]
[SourceQuality "1"]
[WhiteTeam "Dunaharaszti II"]
[BlackTeam "Godollo"]
[WhiteTeamCountry "HUN"]
[BlackTeamCountry "HUN"]

1. d4 Nf6 2. Nf3 c5 3. e3 d5 4. c3 Nbd7 5. Bd3 g6 6. Nbd2 Bg7 7. 0-0 0-0 8. Re1 Re8 9. Qc2 e5 10. dxe5 Nxe5 11. Nxe5 Rxe5 12. Nf3 Re8 13. h3 Bd7 14. b3 Bc6 15. Bb2 Qc7 16. c4 dxc4 17. Bxc4 Bxf3 18. gxf3 Qe7 19. Rad1 Red8 20. Rxd8+ Rxd8 21. Rd1 Rxd1+ 22. Qxd1 Qd7 23. Qxd7 Nxd7 24. Ba3 b6 25. Kf1 Bc3 26. f4 Kf8 27. Ke2 a5 28. Kd3 Ba1 29. Bc1 Ke7 30. Bd2 Nf6 31. f3 Ne8 32. Be1 Nd6 33. Bd5 f6 34. Bd2 h6 35. Kc2 f5 36. a4 Bf6 37. e4 Bh4 38. e5 Ne8 39. Kd3 Nc7 40. Kc4 Bg3 41. Be3 Be1 42. Bg8 Kf8 43. Bd5 Ke7 44. Bc6 Bg3 45. Bd5 1/2-1/2

[Event "HUN-chT2 Erkel 0607"]
[Site "Hungary"]
[Date "2006.11.26"]
[Round "2"]
[White "Botos, Jozsef"]
[Black "Gombocz, Zsolt"]
[Result "0-1"]
[WhiteElo "2008"]
[BlackElo "2088"]
[PlyCount "112"]
[EventDate "2006.11.12"]
[EventType "team"]
[EventRounds "11"]
[EventCountry "HUN"]
[SourceTitle "EXT 2008"]
[Source "ChessBase"]
[SourceDate "2007.11.25"]
[SourceVersion "1"]
[SourceVersionDate "2007.11.25"]
[SourceQuality "1"]
[WhiteTeam "Dunaharaszti II"]
[BlackTeam "MAFC"]
[WhiteTeamCountry "HUN"]
[BlackTeamCountry "HUN"]

1. d4 d5 2. Nf3 e6 3. e3 c5 4. c3 Nf6 5. Bd3 Bd6 6. Nbd2 0-0 7. Ne5 b6 8. 0-0 Bb7 9. Qf3 Qc7 10. Qg3 Ne4 11. Bxe4 dxe4 12. Ndc4 Ba6 13. Nxd6 Qxd6 14. Re1 f6 15. Ng4 Qxg3 16. hxg3 h5 17. Nh2 Nd7 18. b3 Rfc8 19. c4 b5 20. cxb5 Bxb5 21. g4 g6 22. gxh5 gxh5 23. Ba3 a5 24. Bxc5 Nxc5 25. dxc5 Rxc5 26. Rec1 Rac8 27. Rxc5 Rxc5 28. Nf1 h4 29. Nd2 Bd3 30. Nf1 Kf7 31. a3 Rc3 32. b4 axb4 33. axb4 Rb3 34. Rc1 Rxb4 35. Nd2 Kg6 36. Nf1 Rb2 37. Nh2 f5 38. Re1 e5 39. Nf1 Kg5 40. Nh2 Ra2 41. Rd1 Re2 42. Nf3+ exf3 43. Rxd3 e4 44. Rd8 Re1+ 45. Kh2 Rf1 46. Rd2 Kg4 47. Rb2 Re1 48. Rb8 fxg2 49. Kxg2 h3+ 50. Kh2 Rf1 51. f4 Rf2+ 52. Kh1 Kf3 53. Rf8 Kxe3 54. Rxf5 Rxf4 55. Ra5 Kf2 56. Kh2 e3 0-1

[Event "HUN-chT2 Erkel 0506"]
[Site "Hungary"]
[Date "2006.02.12"]
[Round "7"]
[White "Botos, Jozsef"]
[Black "Trajber, Csaba"]
[Result "0-1"]
[WhiteElo "2022"]
[BlackElo "2090"]
[PlyCount "102"]
[EventDate "2005.10.16"]
[EventType "team"]
[EventRounds "11"]
[EventCountry "HUN"]
[SourceTitle "EXT 2009"]
[Source "ChessBase"]
[SourceDate "2008.11.26"]
[SourceVersion "1"]
[SourceVersionDate "2008.11.26"]
[SourceQuality "1"]
[WhiteTeam "Dunaharaszti II"]
[BlackTeam "Vaci"]
[WhiteTeamCountry "HUN"]
[BlackTeamCountry "HUN"]

1. d4 d5 2. Nf3 Nf6 3. e3 c6 4. Bd3 Bg4 5. Nbd2 Nbd7 6. 0-0 e6 7. Qe2 Bd6 8. b3 Qc7 9. h3 Bh5 10. Bb2 0-0 11. c4 b6 12. Rac1 Rfe8 13. g4 Bg6 14. Rc2 Qb7 15. Ne5 Bxd3 16. Qxd3 c5 17. Rd1 Rad8 18. Qe2 Nf8 19. g5 N6d7 20. Qg4 Bxe5 21. dxe5 Ng6 22. f4 Ne7 23. Qf3 Nf8 24. Nf1 Rd7 25. Rcd2 Red8 26. Ng3 Nfg6 27. cxd5 Rxd5 28. Rxd5 Rxd5 29. Rxd5 Qxd5 30. Qxd5 Nxd5 31. Nf1 Kf8 32. Kg2 Ke8 33. Kf3 Nb4 34. a3 Nd3 35. Bc3 Nh4+ 36. Ke2 Nc1+ 37. Kd1 Nxb3 38. Kc2 c4 39. a4 a6 40. Bb4 Kd7 41. Kc3 b5 42. Bd6 Nf5 43. Ba3 Kc6 44. Bb4 Nc5 45. a5 Ne7 46. Kd4 Nb3+ 47. Ke4 Nd5 48. Be1 c3 49. Kd3 b4 50. Bg3 Nc5+ 51. Kc2 b3+ 0-1

[Event "HUN-chT2 Erkel 0506"]
[Site "Hungary"]
[Date "2005.10.16"]
[Round "1"]
[White "Ponyi, Attila"]
[Black "Botos, Jozsef"]
[Result "0-1"]
[WhiteElo "2109"]
[BlackElo "2022"]
[PlyCount "134"]
[EventDate "2005.10.16"]
[EventType "team"]
[EventRounds "11"]
[EventCountry "HUN"]
[SourceTitle "EXT 2009"]
[Source "ChessBase"]
[SourceDate "2008.11.26"]
[SourceVersion "1"]
[SourceVersionDate "2008.11.26"]
[SourceQuality "1"]
[WhiteTeam "Vasarteri"]
[BlackTeam "Dunaharaszti II"]
[WhiteTeamCountry "HUN"]
[BlackTeamCountry "HUN"]

1. d4 Nf6 2. c3 d5 3. e3 Bf5 4. Ne2 Nbd7 5. Ng3 Bg6 6. f4 e6 7. Be2 h5 8. Nd2 h4 9. Ngf1 Bd6 10. Nf3 Ne4 11. N1d2 Ndf6 12. Ne5 Bf5 13. Ndf3 Ng4 14. Nxg4 Bxg4 15. Bd3 h3 16. g3 c6 17. 0-0 Qf6 18. Bd2 Qh6 19. Be1 Qh5 20. Be2 0-0 21. Kh1 f6 22. Ng1 f5 23. Rc1 b5 24. Rc2 a5 25. Nf3 a4 26. Ne5 Bxe5 27. dxe5 c5 28. Bxg4 fxg4 29. Qe2 c4 30. Qd1 Qf5 31. Re2 Qxe5 32. Qd4 Qf5 33. Bf2 Nc5 34. Rd1 Rf7 35. Kg1 Ne4 36. a3 Rd8 37. Qb6 Rdd7 38. Qxb5 Ra7 39. Rd4 Rfd7 40. Be1 Qf7 41. Qb8+ Kh7 42. Qe5 Qf5 43. Qxf5+ exf5 44. Bd2 Nc5 45. Re1 Rab7 46. Bc1 Nb3 47. Rdd1 Nxc1 48. Rxc1 Rxb2 49. Rcd1 Rg2+ 50. Kh1 Rb7 51. Rg1 Rxg1+ 52. Kxg1 Rb5 53. Kf2 Kg6 54. Ke2 Rb2+ 55. Rd2 Rb3 56. Rc2 Rxa3 57. e4 fxe4 58. Ke3 Kf5 59. Kd4 Ke6 60. f5+ Kd6 61. Rf2 Ra1 62. f6 Rd1+ 63. Ke3 gxf6 64. Rxf6+ Ke5 65. Rf4 Rd3+ 66. Ke2 Rxc3 67. Rxg4 Rc2+ 0-1